000 01059nam0a22002411i 4500
001 rc\630355
005 20240726105948.0
035 _a(NLR Aleph) 005872570
090 _a5994266
_c5994266
100 _a20031121d1986 u |0rusy50 ca
101 0 _arus
102 _aRU
105 _aa |||||||||
200 1 _aРазработка оптимальных технологических схем пневмозакладочного комплекса для калийных рудников
_e(На прим. Верхнекам. калийн. месторождения)
_eАвтореф. дис. на соиск. учен. степ. канд. техн. наук
_e(05.15.02)
210 _aКараганда
_d1986
215 _a22 с.
_cсхем.
300 _aВ надзаг.: Караганд. политехн. ин-т
320 _aБиблиогр.: с. 20-22 (12 назв.)
700 1 _aМалюкова
_bЛ.Г.
_gЛюдмила Георгиевна
801 0 _aRU
_bNLR
_gpsbo
801 1 _aRU
_bELAR
_2rusmarc
852 _aNLR
_jА86/1813
942 _cBOOK